00589nam a2200133Ia 4500008004100000100002000041245011300061245012800174260005300302260001600355300000800371650001500379856006100394170221s9999 xx 000 0 und d aAnita Kanestion aLexical Verbs in Malaysian University English Test Argumentative Essays: A Corpus-based Structural Analysis  cAnita Kanestion, Manvender Kaur Sarjit Singh, Sarimah Shamsudin, Hishamuddin Isam, Naginder Kaur, Gurmit Singh Pertap Singh bInternational Review of Management and Marketing cAugust 2014 a3:3 xMarketing. uhttp://www.econjournals.com/index.php/irmm/issue/view/97